| 000 | 00774cam a22002535a 4500 | ||
|---|---|---|---|
| 001 | 13142823 | ||
| 005 | 20151215135615.0 | ||
| 008 | 030331t2004 njua fr 001 0 eng d | ||
| 020 | _a0131428047 | ||
| 020 | _a9780131428041 | ||
| 040 |
_aDLC _cDLC _dYDX _dBAKER _dBTCTA _dYDXCP _dDLC _dEG-ScBUE _beng |
||
| 082 | 0 | 4 |
_a004.16 _222 _bMIL |
| 100 | 1 |
_aMiller, Gene H. _938924 |
|
| 245 | 1 | 0 |
_aMicrocomputer engineering / _cGene H. Miller. |
| 250 | _a3rd ed. | ||
| 260 |
_aUpper Saddle River : _bPearson Permission Hall / Pearson Education, _cc.2004. |
||
| 300 |
_axx, 571 p. : _bill. ; _c25 cm. |
||
| 500 | _aIndex : p. 559-571. | ||
| 650 | 7 |
_aMicrocomputers. _2BUEsh _93877 |
|
| 651 | _2BUEsh | ||
| 653 |
_bENGELC _cAugust2015 |
||
| 653 |
_bCOMSCI _cDecember2015 |
||
| 942 | _2ddc | ||
| 999 |
_c20447 _d20419 |
||